| 000 | 00843nam a22002297a 4500 | ||
|---|---|---|---|
| 003 | UA-OsUOA | ||
| 001 | 38929 | ||
| 007 | ta | ||
| 008 | 20060601b un ||||| |||| 00| 0 ukr d | ||
| 100 | _aБезпалько О.П. | ||
| 090 |
_a81'67(075) _bБ40 |
||
| 942 | _cBK | ||
| 040 |
_aUA-OsUOA _bukr _cUA-OsUOA _dUA-OsUOA |
||
| 245 |
_aНариси з історичного синтаксису української мови _bПосібник для факультетів мови і літератури педагогічних інститутів |
||
| 300 | _a237 с. | ||
| 955 | _a2 | ||
| 041 | _aukr | ||
| 080 | _a81'67(075) | ||
| 260 |
_aК. _bРадянська школа _c1960 |
||
| 650 | 7 |
_a8 Мовознавство. Художня література. Літературознавство _2UDC |
|
| 999 |
_c325080 _d325080 |
||